[Event "Quebec op"]
[Site "Montreal CAN"]
[Date "2003.07.18"]
[Round "8"]
[White "Desmarais, Emmanuel"]
[Black "Lacroix, Serge"]
[Result "1-0"]
[WhiteElo "2000"]
[BlackElo "2108"]
[PlyCount "93"]
[EventDate "2003.07.12"]
[EventType "swiss"]
[EventRounds "9"]
[EventCountry "CAN"]

1. e4 e5 2. Nf3 Nc6 3. d4 exd4 4. Bc4 Nf6 5. O-O Nxe4 6. Re1 d5 7. Bxd5 Qxd5 8.
Nc3 Qa5 9. Nxe4 Be6 10. Neg5 O-O-O 11. Nxe6 fxe6 12. Rxe6 Bd6 13. Bg5 Rde8 14.
Qe2 Kd7 15. Rxe8 Rxe8 16. Qd3 g6 17. Bf6 Qf5 18. Qxf5+ gxf5 19. Nxd4 Nxd4 20.
Bxd4 Re2 21. c4 Rc2 22. b3 Rd2 23. Be3 Rc2 24. g3 Kc6 25. Kg2 Be5 26. Rd1 Rxa2
27. Rd5 Bd6 28. Rxf5 Rb2 29. c5 Be7 30. Rf7 Bxc5 31. Bxc5 Kxc5 32. Rxc7+ Kb6
33. Rxh7 Rxb3 34. h4 a5 35. h5 a4 36. h6 a3 37. Rxb7+ Kxb7 38. h7 Kb6 39. h8=Q
Kb5 40. g4 Rb4 41. g5 Ka4 42. Qa1 Kb3 43. Qb1+ Kc3 44. Qa2 Ra4 45. g6 Ra7 46.
f4 Kd4 47. Qf2+ 1-0

[Event "Quebec op"]
[Site "Montreal CAN"]
[Date "2003.07.19"]
[Round "9"]
[White "Lacroix, Serge"]
[Black "Anastasovski, Nikola"]
[Result "1-0"]
[WhiteElo "2108"]
[BlackElo "2062"]
[PlyCount "65"]
[EventDate "2003.07.12"]
[EventType "swiss"]
[EventRounds "9"]
[EventCountry "CAN"]

1. e4 e5 2. Nf3 Nc6 3. Bb5 f5 4. d3 Nf6 5. Nc3 Bb4 6. O-O Bxc3 7. bxc3 fxe4 8.
Bxc6 bxc6 9. Nxe5 O-O 10. dxe4 Nxe4 11. Qd4 d5 12. f3 c5 13. Qe3 Qf6 14. Ba3
Ba6 15. Nd7 Qxc3 16. Qxc3 Nxc3 17. Rfe1 Rfe8 18. Bxc5 Bc4 19. Kf2 a5 20. a3 Ne2
21. Be3 Re7 22. Nc5 d4 23. Bxd4 Rae8 24. c3 Nf4 25. Rxe7 Rxe7 26. Ne4 Ne6 27.
Rb1 a4 28. Rb4 Bb3 29. Rb7 Kf7 30. Nc5 Nf4 31. Be3 Nxg2 32. Bg5 Bc4 33. Bxe7
1-0

[Event "Quebec-ch 1/2 final"]
[Site "Montreal CAN"]
[Date "2003.??.??"]
[Round "1"]
[White "Michaud, Pierre"]
[Black "Lacroix, Serge"]
[Result "0-1"]
[WhiteElo "1315"]
[BlackElo "2068"]
[PlyCount "104"]
[EventDate "2003.06.13"]
[EventType "swiss"]
[EventRounds "5"]
[EventCountry "CAN"]

1. e4 e5 2. Nf3 Nc6 3. Bb5 a6 4. Ba4 Nf6 5. O-O Be7 6. Re1 b5 7. Bb3 d6 8. c3
O-O 9. h3 Nd7 10. d4 Nb6 11. a3 Bf6 12. d5 Na5 13. Bc2 c6 14. dxc6 Qc7 15. Nbd2
Qxc6 16. Nf1 Be6 17. Ng3 g6 18. Ng5 Bd7 19. Qf3 Bg7 20. Nf5 gxf5 21. Qh5 h6 22.
exf5 f6 23. Ne6 Bxe6 24. fxe6 f5 25. Bxf5 Rxf5 26. Qxf5 Rf8 27. Qg4 Kh7 28. f4
Nb3 29. f5 Rf6 30. Rb1 Nc4 31. Kh1 d5 32. Be3 Nd6 33. Qb4 d4 34. cxd4 Nxd4 35.
Bxd4 exd4 36. Rbc1 Qb6 37. e7 a5 38. Qxd6 Qxd6 39. e8=Q Rxf5 40. Re6 Qg3 41.
Qa8 d3 42. Qe4 Qf4 43. Qxf4 Rxf4 44. Rc7 d2 45. Kh2 d1=Q 46. Ree7 Qd4 47. Rb7
Qxb2 48. Red7 Kg8 49. Re7 Rf2 50. Re8+ Rf8 51. Ree7 Be5+ 52. Kh1 Qc3 0-1

[Event "Quebec-ch 1/2 final"]
[Site "Montreal CAN"]
[Date "2003.??.??"]
[Round "2"]
[White "Lacroix, Serge"]
[Black "Beaulieu, Eric"]
[Result "1-0"]
[WhiteElo "2068"]
[BlackElo "2237"]
[PlyCount "61"]
[EventDate "2003.06.13"]
[EventType "swiss"]
[EventRounds "5"]
[EventCountry "CAN"]

1. e4 c6 2. d4 d5 3. Nc3 dxe4 4. Nxe4 Nd7 5. Nf3 Ngf6 6. Nxf6+ Nxf6 7. c3 Bg4
8. Be2 e6 9. Ne5 Bf5 10. Bd3 Qd5 11. f3 Bxd3 12. Nxd3 g5 13. Qb3 Qxb3 14. axb3
Rg8 15. O-O Bd6 16. Ra5 h6 17. Bd2 Ke7 18. c4 Rgd8 19. Bc3 Bc7 20. Raa1 Bb6 21.
Nc5 Rab8 22. Rfe1 Nd7 23. Ne4 f5 24. Bb4+ Kf7 25. Nd6+ Kf6 26. c5 Bc7 27. Rxa7
Bxd6 28. cxd6 Rdc8 29. Ba5 Ra8 30. Rxb7 Re8 31. Bc3 1-0

[Event "Quebec-ch 1/2 final"]
[Site "Montreal CAN"]
[Date "2003.??.??"]
[Round "3"]
[White "Lacroix, Serge"]
[Black "Hua, Lefong"]
[Result "1/2-1/2"]
[WhiteElo "2068"]
[BlackElo "2295"]
[PlyCount "100"]
[EventDate "2003.06.13"]
[EventType "swiss"]
[EventRounds "5"]
[EventCountry "CAN"]

1. e4 c5 2. Nf3 d6 3. d4 cxd4 4. Nxd4 Nf6 5. Nc3 g6 6. Be3 Bg7 7. f3 Nc6 8. Qd2
O-O 9. Bc4 Bd7 10. O-O-O Ne5 11. Bb3 Rc8 12. Bh6 Bxh6 13. Qxh6 Rxc3 14. bxc3
Qa5 15. h4 Qxc3 16. Kb1 Nc4 17. Bxc4 Qxc4 18. h5 Rc8 19. hxg6 fxg6 20. Qd2 b5
21. Qd3 Qc5 22. g4 Be8 23. Nb3 Qe5 24. Qd4 Qxd4 25. Nxd4 Bf7 26. Rd2 a6 27. Kb2
Rc5 28. Nb3 Re5 29. Na5 Rc5 30. Rd3 h5 31. gxh5 Nxh5 32. Rc3 Rxc3 33. Kxc3 Bxa2
34. Nc6 Kf7 35. Ra1 Bc4 36. Kd2 g5 37. Ke3 Nf4 38. Rxa6 Kf6 39. Ra7 Ng6 40. Rb7
e6 41. Nd4 d5 42. Nxb5 dxe4 43. Nd6 Ne5 44. Nxe4+ Kg6 45. Rc7 Bd5 46. Nxg5 Nc4+
47. Kf4 e5+ 48. Kg4 Ne3+ 49. Kh4 Nf5+ 50. Kg4 Ne3+ 1/2-1/2

[Event "Quebec-ch 1/2 final"]
[Site "Montreal CAN"]
[Date "2003.??.??"]
[Round "4"]
[White "Feoktistov, Dmitri"]
[Black "Lacroix, Serge"]
[Result "1-0"]
[WhiteElo "2304"]
[BlackElo "2068"]
[PlyCount "49"]
[EventDate "2003.06.13"]
[EventType "swiss"]
[EventRounds "5"]
[EventCountry "CAN"]

1. d4 Nf6 2. c4 e6 3. Nc3 Bb4 4. Nf3 O-O 5. Bg5 d5 6. e3 Qe7 7. Bd3 c6 8. O-O
Nbd7 9. Ne5 h6 10. Bh4 dxc4 11. Bxc4 Bxc3 12. bxc3 g5 13. Bg3 Ne4 14. f4 Kg7
15. fxg5 hxg5 16. Qh5 Ndf6 17. Rxf6 Qxf6 18. Rf1 Nxg3 19. hxg3 Qe7 20. Bd3 f5
21. Kf2 Qf6 22. Rh1 Rg8 23. Qh7+ Kf8 24. Qc7 Qg7 25. Qd8# 1-0

[Event "Quebec-ch 1/2 final"]
[Site "Montreal CAN"]
[Date "2003.??.??"]
[Round "5"]
[White "Lacroix, Serge"]
[Black "Plante, Michel"]
[Result "1-0"]
[WhiteElo "2068"]
[BlackElo "1999"]
[PlyCount "137"]
[EventDate "2003.06.13"]
[EventType "swiss"]
[EventRounds "5"]
[EventCountry "CAN"]

1. e4 d6 2. d4 Nf6 3. Nc3 g6 4. Nf3 Bg7 5. Bc4 Nc6 6. h3 O-O 7. Be3 Nxe4 8.
Nxe4 d5 9. Bd3 dxe4 10. Bxe4 Qd6 11. c3 f5 12. Bxc6 Qxc6 13. O-O Be6 14. Bf4
Bd5 15. Re1 Bxf3 16. Qxf3 Qxf3 17. gxf3 c5 18. dxc5 Kf7 19. Be5 Bxe5 20. Rxe5
Rad8 21. Rae1 Rfe8 22. R1e2 e6 23. Kg2 g5 24. a4 Kf6 25. Kf1 Rd1+ 26. Re1 Rxe1+
27. Rxe1 h5 28. Rd1 Re7 29. Rd6 g4 30. fxg4 fxg4 31. h4 Rc7 32. b4 b6 33. cxb6
axb6 34. Rd3 Ke5 35. Ke2 Ra7 36. Ke3 Rxa4 37. Rd8 Ra3 38. Rc8 Ra2 39. Rh8 Rc2
40. Rxh5+ Kf6 41. Rg5 Rxc3+ 42. Kd4 Rf3 43. Rxg4 Rxf2 44. Kc4 Rf5 45. Rg8 b5+
46. Kd4 Rd5+ 47. Ke4 Rh5 48. Rf8+ Ke7 49. Rf4 Kd6 50. Rg4 Rh8 51. Kd4 Rc8 52.
Kd3 Kd5 53. h5 Rh8 54. Rh4 Rh6 55. Ke3 Ke5 56. Rh1 Kd5 57. Kf4 Kc4 58. Kg5 Rh8
59. Rb1 e5 60. h6 e4 61. Kg6 e3 62. h7 e2 63. Kg7 Rc8 64. h8=Q Rxh8 65. Kxh8
Kd3 66. Kg7 Kd2 67. Kf6 e1=Q 68. Rxe1 Kxe1 69. Ke5 1-0

[Event "Quebec-ch qual 2"]
[Site "Montreal CAN"]
[Date "2003.05.31"]
[Round "2"]
[White "Lacroix, Serge"]
[Black "Malveau, Cedric"]
[Result "1-0"]
[WhiteElo "2045"]
[BlackElo "1830"]
[PlyCount "57"]
[EventDate "2003.05.30"]
[EventType "swiss"]
[EventRounds "5"]
[EventCountry "CAN"]

1. e4 e5 2. Nf3 Nf6 3. Nxe5 d6 4. Nf3 Nxe4 5. d4 d5 6. Bd3 Bd6 7. O-O O-O 8.
Re1 Re8 9. c4 c6 10. Nc3 Nxc3 11. bxc3 Bg4 12. Rxe8+ Qxe8 13. Bd2 Qd8 14. Rb1
dxc4 15. Bxc4 b6 16. Qe2 Bh5 17. Re1 Nd7 18. Qe4 c5 19. Ng5 Nf6 20. Qb7 Bc7 21.
Be3 h6 22. Nf3 Rb8 23. Qc6 Qd6 24. Ne5 cxd4 25. Bxd4 Qxc6 26. Nxc6 Ra8 27. Re7
Re8 28. Bxf6 gxf6 29. Rxe8+ 1-0

[Event "Quebec-ch qual 2"]
[Site "Montreal CAN"]
[Date "2003.05.31"]
[Round "3"]
[White "Bouchard, Jean-Marc"]
[Black "Lacroix, Serge"]
[Result "0-1"]
[WhiteElo "1979"]
[BlackElo "2045"]
[PlyCount "45"]
[EventDate "2003.05.30"]
[EventType "swiss"]
[EventRounds "5"]
[EventCountry "CAN"]

1. b3 e5 2. Bb2 Nc6 3. e3 d5 4. Bb5 Bd6 5. f4 f6 6. Qh5+ g6 7. Qh4 exf4 8. exf4
Qe7+ 9. Ne2 Qe4 10. Bxc6+ bxc6 11. d3 Qxg2 12. Rg1 Qh3 13. Qf2 Ne7 14. Bxf6 O-O
15. Bxe7 Bxe7 16. Nd2 Bh4 17. Ng3 Re8+ 18. Kd1 Rf8 19. Ke1 Qg4 20. Qc5 Bd7 21.
f5 Bxf5 22. Qxc6 Qd4 23. Nf3 0-1

[Event "Marathon"]
[Site "Granby CAN"]
[Date "2003.05.17"]
[Round "2"]
[White "Lacroix, Serge"]
[Black "Ramaswamy, Kishor"]
[Result "1-0"]
[WhiteElo "2110"]
[BlackElo "2041"]
[PlyCount "83"]
[EventDate "2003.05.16"]
[EventType "swiss"]
[EventRounds "7"]
[EventCountry "CAN"]

1. e4 c6 2. d4 d5 3. Nc3 dxe4 4. Nxe4 Bf5 5. Ng3 Bg6 6. h4 h6 7. Nf3 Nd7 8. h5
Bh7 9. Bd3 Bxd3 10. Qxd3 Ngf6 11. Bd2 Qc7 12. O-O-O e6 13. c4 O-O-O 14. Bc3 c5
15. d5 Nb6 16. Bxf6 Qf4+ 17. Kb1 Qxf6 18. Ne4 Qf5 19. Ka1 Nxc4 20. Qxc4 exd5
21. Qa4 Qxe4 22. Qxa7 Bd6 23. Rhe1 Qf5 24. Rc1 Qxh5 25. Nd4 c4 26. Qa8+ Bb8 27.
Re7 Rd7 28. Rxd7 Kxd7 29. Qxb7+ Bc7 30. Qc6+ Kc8 31. Qa8+ Bb8 32. Qa6+ Kd7 33.
Qb5+ Kc7 34. Rxc4+ Kd6 35. Qc6+ Ke7 36. Qb7+ Kf6 37. Rc6+ Ke5 38. Nf3+ Kf4 39.
Qb4+ Kf5 40. Nd4+ Ke5 41. Qe7+ Kxd4 42. Qe3# 1-0

[Event "Marathon"]
[Site "Granby CAN"]
[Date "2003.05.17"]
[Round "3"]
[White "Boulay, David"]
[Black "Lacroix, Serge"]
[Result "1-0"]
[WhiteElo "2243"]
[BlackElo "2110"]
[Annotator "Incomplete"]
[PlyCount "74"]
[EventDate "2003.05.16"]
[EventType "swiss"]
[EventRounds "7"]
[EventCountry "CAN"]

1. e4 e5 2. Nf3 Nc6 3. Bb5 a6 4. Ba4 Nf6 5. O-O Be7 6. Re1 b5 7. Bb3 d6 8. c3
O-O 9. h3 Nd7 10. d4 Nb6 11. Nbd2 Bf6 12. Nf1 Re8 13. d5 Na5 14. Ne3 g6 15. Bc2
c6 16. b4 Nac4 17. dxc6 Nxe3 18. Bxe3 Nc4 19. a4 Be6 20. Nd2 Nxe3 21. Rxe3 Qc7
22. Bb3 Bxb3 23. Qxb3 Qxc6 24. Rd3 Rec8 25. f3 Kg7 26. Qd5 bxa4 27. Qxc6 Rxc6
28. Rxa4 Rac8 29. Nb1 Bd8 30. Kf2 f5 31. exf5 gxf5 32. Rd5 Kf6 33. Ke3 Ke6 34.
c4 Bb6+ 35. Ke2 Bd4 36. Na3 Kf6 37. Kd3 h5 {etc.} 1-0

[Event "Marathon"]
[Site "Granby CAN"]
[Date "2003.05.17"]
[Round "4"]
[White "Lacroix, Serge"]
[Black "Bolduc, Steve"]
[Result "0-1"]
[WhiteElo "2110"]
[BlackElo "2274"]
[PlyCount "146"]
[EventDate "2003.05.16"]
[EventType "swiss"]
[EventRounds "7"]
[EventCountry "CAN"]

1. e4 c5 2. Nf3 Nc6 3. d4 cxd4 4. Nxd4 g6 5. Nc3 Bg7 6. Be3 Nf6 7. Bc4 Qa5 8.
O-O O-O 9. Bb3 d6 10. h3 Bd7 11. Qd2 Nxd4 12. Qxd4 Ng4 13. Qd5 Qxd5 14. Nxd5
Nxe3 15. Nxe7+ Kh8 16. fxe3 Rae8 17. Nd5 Rxe4 18. Nf6 Bxf6 19. Rxf6 Rxe3 20.
Rxd6 Bc6 21. Bd5 Re2 22. Bxc6 bxc6 23. Rxc6 Rd8 24. Rf1 f5 25. Rf3 Rdd2 26. Rd3
Rxg2+ 27. Kf1 Rdf2+ 28. Ke1 Rxc2 29. Rxc2 Rxc2 30. Rb3 Rc7 31. a4 Kg7 32. a5
Kh6 33. Rb8 a6 34. Rb6 Ra7 35. Kf2 Kh5 36. Rf6 Kg5 37. Rc6 Kf4 38. Rc4+ Ke5 39.
h4 Rb7 40. b4 Kd5 41. Rf4 Rc7 42. h5 Rc4 43. Rf3 Rxb4 44. hxg6 hxg6 45. Rg3 Rg4
46. Rb3 Ra4 47. Rg3 Rxa5 48. Rxg6 Ra3 49. Rg8 Ke5 50. Rc8 a5 51. Rc5+ Kf4 52.
Rc4+ Kg5 53. Rc5 Kg4 54. Rc8 a4 55. Rc7 Ra2+ 56. Ke3 f4+ 57. Ke4 Re2+ 58. Kd3
Re3+ 59. Kd2 a3 60. Ra7 Rg3 61. Ke1 Rb3 62. Ra4 Kg3 63. Ra8 Rb1+ 64. Kd2 Rb2+
65. Kc3 Re2 66. Kd3 Kf2 67. Rh8 f3 68. Ra8 a2 69. Ra7 Kf1 70. Rh7 Re5 71. Ra7
f2 72. Kd2 Re1 73. Rxa2 Re2+ 0-1

[Event "Marathon"]
[Site "Granby CAN"]
[Date "2003.05.18"]
[Round "5"]
[White "Archambault, Serge"]
[Black "Lacroix, Serge"]
[Result "0-1"]
[WhiteElo "1779"]
[BlackElo "2110"]
[PlyCount "75"]
[EventDate "2003.05.16"]
[EventType "swiss"]
[EventRounds "7"]
[EventCountry "CAN"]

1. d4 Nf6 2. c4 e6 3. Nc3 Bb4 4. Nf3 O-O 5. Qc2 c5 6. e3 Nc6 7. dxc5 Bxc5 8.
Be2 d5 9. b3 Nb4 10. Qd2 dxc4 11. Bxc4 Qxd2+ 12. Kxd2 a6 13. a3 Rd8+ 14. Ke2
Nbd5 15. Bb2 b5 16. Bxd5 Nxd5 17. b4 Be7 18. Rhd1 Bb7 19. Rd2 Rac8 20. Rc1 Nb6
21. Nb1 Nc4 22. Rxd8+ Rxd8 23. Bc3 f6 24. g3 e5 25. Ba1 Be4 26. Nfd2 Bd3+ 27.
Ke1 Rd7 28. Nxc4 Bxc4 29. Nd2 Bd5 30. Ke2 g5 31. e4 Bb7 32. Ke3 g4 33. Nb3 Bf8
34. Rc3 Bh6+ 35. f4 gxf3+ 36. Kxf3 f5 37. Nc5 fxe4+ 38. Kg4 0-1

[Event "Marathon"]
[Site "Granby CAN"]
[Date "2003.05.18"]
[Round "7"]
[White "Caire, Francois"]
[Black "Lacroix, Serge"]
[Result "1/2-1/2"]
[WhiteElo "2086"]
[BlackElo "2110"]
[PlyCount "76"]
[EventDate "2003.05.16"]
[EventType "swiss"]
[EventRounds "7"]
[EventCountry "CAN"]

1. d4 Nf6 2. c4 e6 3. Nf3 b6 4. Nc3 Bb7 5. Bg5 d5 6. Bxf6 Qxf6 7. Ne5 Bd6 8.
Qa4+ c6 9. cxd5 Bxe5 10. dxe5 Qxe5 11. dxe6 Qxe6 12. g3 Nd7 13. Bg2 Nc5 14. Qc2
Qe7 15. O-O O-O 16. Rfd1 Rfd8 17. e3 Ne6 18. Rxd8+ Nxd8 19. Rd1 c5 20. Qd3 Bxg2
21. Kxg2 Ne6 22. Qd7 Kf8 23. Qxe7+ Kxe7 24. Kf3 Nc7 25. Ke4 Ke6 26. g4 g6 27.
f4 f5+ 28. Kf3 a6 29. e4 fxg4+ 30. Kxg4 b5 31. e5 Rf8 32. Rd6+ Ke7 33. Nd5+
Nxd5 34. Rxd5 h5+ 35. Kg3 c4 36. a4 bxa4 37. Rc5 Rb8 38. Rxc4 Rb3+ 1/2-1/2

[Event "Beloeil"]
[Site "Beloeil CAN"]
[Date "2003.05.10"]
[Round "1"]
[White "Lacroix, Serge"]
[Black "Campbell, Martin-Alexandre"]
[Result "1-0"]
[WhiteElo "2120"]
[BlackElo "1424"]
[PlyCount "53"]
[EventDate "2003.05.10"]
[EventType "swiss"]
[EventRounds "5"]
[EventCountry "CAN"]

1. e4 c5 2. Nf3 Nc6 3. d4 cxd4 4. Nxd4 g6 5. Nc3 Bg7 6. Be3 Nf6 7. Be2 a6 8.
Qd2 Qc7 9. O-O d6 10. h3 h5 11. f4 h4 12. a4 Bh6 13. Nd5 Nxd5 14. exd5 Nb8 15.
Nf3 Nd7 16. Ng5 Nf6 17. Ra3 Rg8 18. Rc3 Qd7 19. Rc4 Qf5 20. Bf3 Bd7 21. Bb6 e6
22. dxe6 Bxe6 23. Re1 Kf8 24. Qxd6+ Kg7 25. Rc5 Rad8 26. Bxd8 Rxd8 27. Nxe6+
1-0

[Event "Quebec-ch qual 1"]
[Site "Montreal CAN"]
[Date "2003.05.02"]
[Round "1"]
[White "Lacroix, Serge"]
[Black "Trifan, Teodora"]
[Result "1/2-1/2"]
[WhiteElo "2053"]
[BlackElo "1477"]
[PlyCount "90"]
[EventDate "2003.05.02"]
[EventType "swiss"]
[EventRounds "5"]
[EventCountry "CAN"]

1. e4 e5 2. Nf3 Nc6 3. Bb5 d6 4. d4 Bd7 5. d5 Nce7 6. Bxd7+ Qxd7 7. c4 Nf6 8.
Nc3 h6 9. O-O c6 10. h3 cxd5 11. cxd5 Ng6 12. Be3 Be7 13. Qa4 Qxa4 14. Nxa4
Nxe4 15. Rac1 Bd8 16. Nc3 Nxc3 17. bxc3 O-O 18. Nd2 Ne7 19. c4 Ba5 20. Nb3 Bb4
21. f4 Nf5 22. Bd2 Bxd2 23. Nxd2 Nd4 24. Rfe1 f6 25. c5 Rac8 26. Ne4 dxc5 27.
fxe5 fxe5 28. Nd6 Rcd8 29. Nxb7 Rxd5 30. Rxc5 Rxc5 31. Nxc5 Re8 32. Re4 Kf7 33.
Nd7 Nc6 34. Rc4 Re7 35. Nc5 Nd4 36. Ne4 Ke6 37. Rc8 Kf5 38. Nd6+ Kf4 39. Kf2
Rd7 40. Rf8+ Kg5 41. Nf7+ Kf6 42. Nxh6+ Ke7 43. Rf7+ Ke6 44. Rxd7 Kxd7 45. Ng4
Ke6 1/2-1/2

[Event "Quebec-ch qual 1"]
[Site "Montreal CAN"]
[Date "2003.05.04"]
[Round "4"]
[White "Amesse, Louis-Philippe"]
[Black "Lacroix, Serge"]
[Result "0-1"]
[WhiteElo "1676"]
[BlackElo "2053"]
[PlyCount "102"]
[EventDate "2003.05.02"]
[EventType "swiss"]
[EventRounds "5"]
[EventCountry "CAN"]

1. e4 e5 2. f4 exf4 3. Nf3 Be7 4. Bc4 Nf6 5. Nc3 Nxe4 6. Bxf7+ Kxf7 7. Nxe4 Rf8
8. O-O Kg8 9. d4 d5 10. Nf2 Nc6 11. c3 g5 12. Nd3 Bg4 13. Qb3 Bxf3 14. Rxf3 Na5
15. Qc2 Nc4 16. Qe2 Bf6 17. Qe6+ Kh8 18. b3 Re8 19. Qf7 Rf8 20. Qe6 Qd6 21.
Qxd6 Nxd6 22. Ba3 a5 23. Re1 Rfe8 24. Rxe8+ Nxe8 25. Kf1 b6 26. g3 fxg3 27.
hxg3 h6 28. Rf5 Rd8 29. Ne5 Kg7 30. Ng4 Rd7 31. Ne5 Bxe5 32. Rxe5 Nf6 33. Kg2
Ng4 34. Re7+ Rxe7 35. Bxe7 Ne3+ 36. Kf3 Nd1 37. Bd8 Nxc3 38. Bxc7 Nxa2 39. Bxb6
Nc1 40. Bxa5 Nxb3 41. Bc3 Kg6 42. g4 h5 43. gxh5+ Kxh5 44. Bb2 Kh4 45. Kg2 Kg4
46. Kg1 Kg3 47. Bc3 g4 48. Be1+ Kf3 49. Bc3 g3 50. Bb2 g2 51. Ba3 Nxd4 0-1

[Event "Quebec-ch qual 1"]
[Site "Montreal CAN"]
[Date "2003.05.04"]
[Round "5"]
[White "Lacroix, Serge"]
[Black "Panayotov, Ivo"]
[Result "1-0"]
[WhiteElo "2053"]
[BlackElo "1715"]
[PlyCount "57"]
[EventDate "2003.05.02"]
[EventType "swiss"]
[EventRounds "5"]
[EventCountry "CAN"]

1. e4 e6 2. d4 b6 3. c4 Bb7 4. Nc3 Bb4 5. Qc2 Qh4 6. Bd3 Qg4 7. f3 Bxc3+ 8.
bxc3 Qh4+ 9. g3 Qe7 10. Ne2 e5 11. O-O c5 12. dxe5 Qxe5 13. Nf4 Nc6 14. Nd5
O-O-O 15. a4 Na5 16. Bf4 Qh5 17. g4 Qg6 18. e5 Qe6 19. Bf5 Qe8 20. Bd3 h6 21.
Bg3 Ne7 22. Ne3 g5 23. Be4 Ba6 24. Bd3 Ng6 25. Nf5 Qe6 26. Nd6+ Kb8 27. Nxf7
Qxf7 28. e6+ Qf4 29. Bxg6 1-0

[Event "Printemps"]
[Site "Montreal CAN"]
[Date "2003.04.25"]
[Round "1"]
[White "Lacroix, Serge"]
[Black "Bolduc, Steve"]
[Result "1/2-1/2"]
[WhiteElo "2032"]
[BlackElo "2300"]
[PlyCount "82"]
[EventDate "2003.04.25"]
[EventType "swiss"]
[EventRounds "5"]
[EventCountry "CAN"]

1. e4 c5 2. Nf3 Nc6 3. d4 cxd4 4. Nxd4 g6 5. Nc3 Nf6 6. Be3 d6 7. Be2 Bg7 8.
Qd2 Ng4 9. Bxg4 Bxg4 10. Nxc6 bxc6 11. Bh6 O-O 12. Bxg7 Kxg7 13. Qd4+ e5 14.
Qe3 Qe7 15. O-O f6 16. f4 Rad8 17. h3 Bc8 18. Rad1 g5 19. f5 Ba6 20. Rf2 Bc4
21. Rfd2 Qc7 22. b3 Bf7 23. h4 h6 24. hxg5 hxg5 25. g3 Rh8 26. Rh2 Rxh2 27.
Kxh2 d5 28. Qc5 d4 29. Na4 Bh5 30. Re1 Bf3 31. Kg1 Qd7 32. Qb4 Qf7 33. Kf2 Rh8
34. Nc5 Rh2+ 35. Kf1 Rxc2 36. Ne6+ Kh6 37. Qb8 Kh7 38. Nf8+ Kg7 39. Ne6+ Kh7
40. Nf8+ Kh6 41. Ne6 Kh7 1/2-1/2

[Event "Printemps"]
[Site "Montreal CAN"]
[Date "2003.04.26"]
[Round "2"]
[White "Rousseau, Daniel"]
[Black "Lacroix, Serge"]
[Result "1-0"]
[WhiteElo "2105"]
[BlackElo "2032"]
[PlyCount "85"]
[EventDate "2003.04.25"]
[EventType "swiss"]
[EventRounds "5"]
[EventCountry "CAN"]

1. e4 e5 2. Nf3 Nc6 3. Bb5 a6 4. Ba4 Nf6 5. O-O Be7 6. Re1 b5 7. Bb3 d6 8. c3
O-O 9. h3 Be6 10. Bxe6 fxe6 11. a4 Qd7 12. axb5 axb5 13. Rxa8 Rxa8 14. Qb3 Nd8
15. Na3 Rb8 16. d4 exd4 17. Nxd4 c6 18. Bf4 Kh8 19. e5 Nd5 20. Bg3 Nb7 21. exd6
Nc5 22. Qd1 Bxd6 23. Bxd6 Qxd6 24. Nac2 Rd8 25. b4 Na4 26. Nxe6 Naxc3 27. Qg4
Rg8 28. Ncd4 Nf6 29. Ng5 Rf8 30. Qh4 Ncd5 31. Nde6 Nxb4 32. Nxf8 Qxf8 33. Re6
h6 34. Rd6 Nbd5 35. Rd8 Ne8 36. Ne4 Ndc7 37. Nd6 g5 38. Qe4 Qf6 39. g4 Kg7 40.
Nxe8+ Nxe8 41. Qxe8 Qa1+ 42. Kg2 Qc3 43. Qh8+ 1-0

[Event "Printemps"]
[Site "Montreal CAN"]
[Date "2003.04.26"]
[Round "3"]
[White "Lacroix, Serge"]
[Black "Thomas, Michel"]
[Result "1-0"]
[WhiteElo "2032"]
[BlackElo "1747"]
[PlyCount "63"]
[EventDate "2003.04.25"]
[EventType "swiss"]
[EventRounds "5"]
[EventCountry "CAN"]

1. e4 e6 2. d4 d5 3. Nc3 dxe4 4. Nxe4 Nd7 5. Nf3 Ngf6 6. Bg5 Be7 7. Nxf6+ Bxf6
8. Bxf6 Nxf6 9. Bd3 O-O 10. O-O b6 11. c3 Qd6 12. Qe2 Bb7 13. Ba6 Bxa6 14. Qxa6
Rfd8 15. a4 c5 16. a5 Nd5 17. axb6 Qxb6 18. Qe2 a5 19. g3 cxd4 20. Nxd4 Rab8
21. Ra2 Rb7 22. Rfa1 g6 23. h4 h5 24. Qf3 Rdb8 25. Rxa5 Qxb2 26. Nc6 Rc8 27. c4
Rxc6 28. Ra8+ Kg7 29. cxd5 exd5 30. Qxd5 Rf6 31. Qc5 Qb4 32. Qc8 1-0

[Event "Printemps"]
[Site "Montreal CAN"]
[Date "2003.04.27"]
[Round "4"]
[White "Lacroix, Serge"]
[Black "Arsenault, Nicolas"]
[Result "1/2-1/2"]
[WhiteElo "2032"]
[BlackElo "2037"]
[Annotator "Incomplete"]
[PlyCount "75"]
[EventDate "2003.04.25"]
[EventType "swiss"]
[EventRounds "5"]
[EventCountry "CAN"]

1. e4 e6 2. d4 d5 3. Nc3 Bb4 4. e5 c5 5. a3 Ba5 6. b4 cxd4 7. Nb5 Bc7 8. f4 Bd7
9. Nxd4 Ne7 10. Ngf3 a6 11. Bd3 Nbc6 12. c3 Nxd4 13. cxd4 Bb5 14. Be3 Qd7 15.
O-O Bxd3 16. Qxd3 b5 17. Nd2 O-O 18. Nb3 Bb6 19. g4 f5 20. exf6 Rxf6 21. Nc5
Bxc5 22. dxc5 Raf8 23. Rf2 Nc6 24. Raf1 e5 25. g5 R6f7 26. g6 hxg6 27. fxe5
Nxe5 28. Rxf7 Rxf7 29. Qe2 Rxf1+ 30. Qxf1 Qf5 31. Bf4 Nc6 32. Qe2 Kf7 33. Bd6
d4 34. Qa2+ Kf6 35. Qg8 d3 36. Qf8+ Kg5 37. Qxf5+ gxf5 38. Kf2 {etc.} 1/2-1/2

[Event "Printemps"]
[Site "Montreal CAN"]
[Date "2003.04.27"]
[Round "5"]
[White "Dubois, Julien"]
[Black "Lacroix, Serge"]
[Result "0-1"]
[WhiteElo "1874"]
[BlackElo "2032"]
[PlyCount "93"]
[EventDate "2003.04.25"]
[EventType "swiss"]
[EventRounds "5"]
[EventCountry "CAN"]

1. f4 d5 2. Nf3 Nc6 3. e3 Bg4 4. Be2 Bxf3 5. Bxf3 e5 6. d3 exf4 7. exf4 Nd4 8.
O-O Nxf3+ 9. Rxf3 Qd7 10. a3 Bc5+ 11. d4 Bd6 12. b3 Nf6 13. c4 dxc4 14. bxc4
O-O 15. Nc3 c6 16. Qd3 Rae8 17. Be3 Re7 18. a4 Rfe8 19. h3 Ne4 20. Nxe4 Rxe4
21. a5 Qe7 22. Bd2 Qf6 23. Bc3 Rxf4 24. Raf1 Rxf3 25. Rxf3 Qg6 26. Qxg6 hxg6
27. Kf2 a6 28. Be1 f5 29. Rb3 Re7 30. Bd2 f4 31. Kf3 g5 32. g3 Kh7 33. gxf4
gxf4 34. d5 cxd5 35. cxd5 Re5 36. Rd3 g5 37. Kg4 Kg6 38. Kf3 Kf5 39. Bc3 Re7
40. Bd2 Rh7 41. Kg2 Rc7 42. Kf3 Rc2 43. Rd4 Rb2 44. Rd3 Rb1 45. Kf2 Rh1 46. Rb3
Rh2+ 47. Ke1 0-1

[Event "Laval XX"]
[Site "Laval CAN"]
[Date "2003.04.12"]
[Round "2"]
[White "Lacroix, Serge"]
[Black "Joanis, Marc-Andre"]
[Result "1-0"]
[WhiteElo "1985"]
[BlackElo "1736"]
[PlyCount "45"]
[EventDate "2003.04.11"]
[EventType "swiss"]
[EventRounds "5"]
[EventCountry "CAN"]

1. e4 c6 2. d4 d5 3. Nc3 dxe4 4. Nxe4 Nd7 5. Nf3 Ngf6 6. Nxf6+ Nxf6 7. Bd3 e6
8. Bf4 c5 9. Qd2 Be7 10. O-O-O O-O 11. dxc5 Qd5 12. Kb1 Qxc5 13. Rhe1 Nd5 14.
Be5 f6 15. Bd4 Qc7 16. Be4 Rd8 17. c3 e5 18. Bxe5 fxe5 19. Bxd5+ Kh8 20. Nxe5
Be6 21. Ng6+ hxg6 22. Rxe6 Bf6 23. Re3 1-0

[Event "Laval XX"]
[Site "Laval CAN"]
[Date "2003.04.12"]
[Round "3"]
[White "Krayushkin, Victor"]
[Black "Lacroix, Serge"]
[Result "0-1"]
[WhiteElo "2135"]
[BlackElo "1985"]
[PlyCount "47"]
[EventDate "2003.04.11"]
[EventType "swiss"]
[EventRounds "5"]
[EventCountry "CAN"]

1. c4 e5 2. Nc3 Nf6 3. g3 d5 4. cxd5 Nxd5 5. Bg2 Be6 6. Qb3 Nb4 7. Qa4+ c6 8.
a3 Nd5 9. Nf3 Nd7 10. d4 exd4 11. Nxd4 N7b6 12. Nxe6 fxe6 13. Qg4 Qf6 14. Bg5
h5 15. Qh4 Qf7 16. Ne4 Be7 17. O-O O-O-O 18. Bh3 Nf6 19. Rad1 Nbd5 20. b4 Kb8
21. Rd3 Nxe4 22. Qxe4 Bxg5 23. Qe5+ Nc7 24. Rxd8+ 0-1

[Event "Laval XX"]
[Site "Laval CAN"]
[Date "2003.04.13"]
[Round "4"]
[White "Schleifer, Michael"]
[Black "Lacroix, Serge"]
[Result "1-0"]
[WhiteElo "2342"]
[BlackElo "1985"]
[PlyCount "44"]
[EventDate "2003.04.11"]
[EventType "swiss"]
[EventRounds "5"]
[EventCountry "CAN"]

1. d4 Nf6 2. c4 e6 3. Nf3 Bb4+ 4. Bd2 Bxd2+ 5. Qxd2 d6 6. Nc3 Qe7 7. g3 c5 8.
Bg2 e5 9. d5 O-O 10. e4 a6 11. a4 a5 12. O-O Na6 13. Ne1 Nh5 14. f4 exf4 15.
gxf4 Re8 16. Nd3 Bd7 17. Rae1 Nb4 18. b3 g6 19. e5 Nxd3 20. Qxd3 b6 21. e6 Bc8
22. f5 fxe6 1-0